000 00485cam a2200193ua 4500
001 3023
008 111128n ii |||gr||||Z||||||eng
020 _a81-7201-715-4
040 _cMAIN
082 _a920
100 _aBose, Nemai Sadhan ,
_eAuthor.
245 1 1 _aSwami Vivekananda
_cby Nemai Sadhan Bose
250 _a2nd.
260 _aNew delhi:
_bSahitya akademi,994.
300 _a125p:
_c23cm.
653 _aBiography
653 _aBiography of Swami Vivekananda
942 _cBK
999 _c2871
_d2871